US States Whose Capital is the Largest City - Sudden Death - Statistics

General Stats
  • This quiz has been taken 39 times
  • The average score is 10 of 15
Answers on the Grid
Answers color-coded by a green-red scale on the quiz's grid according to % correct below.
Arizona
Arkansas
Hawaii
Georgia
Colorado
Idaho
Iowa
Massachusetts
Rhode Island
Tennessee
Utah
West Virginia
Wyoming
Ohio
Oklahoma
Alaska
New York
New Jersey
Texas
New Mexico
Louisiana
Washington
California
North Dakota
South Dakota
Maine
Maryland
Florida
Alabama
Delaware
 
Answer Stats
Answer % Correct
Colorado
81%
Hawaii
78%
Arizona
72%
Georgia
72%
Massachusetts
72%
Oklahoma
72%
Idaho
69%
Tennessee
69%
Utah
66%
Ohio
63%
Rhode Island
63%
Arkansas
59%
Iowa
56%
Wyoming
50%
West Virginia
44%
No matching quizzes found
Score Distribution
Percent of People with Each Score
Percentile by Number Answered
Your Score History
You have not taken this quiz